000 00667nam a22002417a 4500
001 BR7401190
003 BR-BrBNA
005 20230928084552.0
007 ta
008 230509b bl.||||| |||| 00| 0 por d
040 _aBR-BrBNA
_bpor
_cBiblioteca Nacional de Agricultura
041 _a(Por)
072 _aF00
_b0180
_b/G514
090 _ 0180 BR7401190
100 1 _aCosta, H.
245 1 _aA cultura do trigo
_bRepresentacao ao Presidente da Republica sobre o problema do trigo
260 3 _aRio de Janeiro, GB (Brasil):
_c1931.
300 _a16 p.
650 _aTRIGO
650 _aPRATICA CULTURAL
909 _a202309
_bLucia
_c55
_dLucia Elande
942 _cBK
999 _c19808
_d19808